000 00283nam a2200121Ia 4500
008 190216s9999||||xx |||||||||||||| ||und||
100 _aMatthew Arnold
245 0 _aPoems
260 _bEveryman`S Reference Library
_c1966
300 _a537p
650 _aEnglish Poetry
942 _cBK
999 _c11840
_d11840